[Event "Kieler Open 2021"]
[Site "Kiel"]
[Date "2021.07.29"]
[Round "8.29"]
[White "Scheid, Lennart"]
[Black "Weihrauch, Sebastian"]
[Result "1/2-1/2"]
[WhiteElo "1647"]
[BlackElo "1591"]
[Annotator "FS"]
[PlyCount "59"]
[EventDate "2021.??.??"]

1. d4 Nf6 2. Bf4 g6 3. Nc3 Bg7 4. e4 d6 5. Qd2 O-O 6. Be2 c6 7. O-O-O b5 8. e5
b4 9. exf6 bxc3 10. Qxc3 Bxf6 11. h4 h5 12. f3 c5 13. Be3 Bb7 14. Qb3 Qb6 15.
dxc5 dxc5 16. Rh3 Nc6 17. g4 Bc8 18. Rh2 Be6 19. Qxb6 axb6 20. a3 hxg4 21. fxg4
Be5 22. Rg2 Nd4 23. Bd3 Bd5 24. Rf2 Bg3 25. Rfd2 Nf3 26. Nxf3 Bxf3 27. Rf1 Bc6
28. h5 Kg7 29. Rg1 Bd6 30. Rf2 1/2-1/2

[Event "Kieler Open 2021"]
[Site "Kiel"]
[Date "2021.07.29"]
[Round "8.30"]
[White "Meyer, Jürgen"]
[Black "Diederichs, Karl"]
[Result "1-0"]
[WhiteElo "2011"]
[BlackElo "1620"]
[Annotator "FS"]
[PlyCount "81"]
[EventDate "2021.??.??"]

1. e4 e6 2. d4 d5 3. Nc3 dxe4 4. Nxe4 Nd7 5. Nf3 Ngf6 6. Ned2 c5 7. Nb3 cxd4 8.
Qxd4 Be7 9. Be2 b6 10. O-O O-O 11. Rd1 Bb7 12. c3 Be4 13. Qe3 Qc7 14. Nfd4 Nc5
15. Bf3 Bxf3 16. Qxf3 Rad8 17. Bg5 Nxb3 18. axb3 Rd5 19. Bh4 Rh5 20. Bg3 Qc5
21. b4 Qg5 22. Nc6 Ng4 23. Nxe7+ Qxe7 24. Qxg4 Rg5 25. Qd4 Rd5 26. Qe3 Rfd8 27.
Rxd5 Rxd5 28. c4 Rd8 29. c5 Qf6 30. Qe5 Qe7 31. Qc7 Rd7 32. Qb8+ Rd8 33. Qf4 g5
34. Qe3 Qf6 35. Be5 Qf5 36. Bd6 bxc5 37. bxc5 a5 38. h3 h5 39. Be7 Rd5 40. Re1
f6 41. Qxe6+ 1-0

[Event "Kieler Open 2021"]
[Site "Kiel"]
[Date "2021.07.29"]
[Round "8.31"]
[White "Ehrich, Dieter"]
[Black "Schiller, Thomas"]
[Result "1/2-1/2"]
[WhiteElo "1620"]
[BlackElo "1956"]
[Annotator "FS"]
[PlyCount "37"]
[EventDate "2021.??.??"]

1. c4 e5 2. g3 Nf6 3. Bg2 Nc6 4. Nc3 Bb4 5. a3 Bxc3 6. bxc3 d6 7. Nf3 O-O 8. d3
Ne8 9. e4 f5 10. exf5 Bxf5 11. Nh4 Be6 12. O-O Nf6 13. Qb3 Rb8 14. Nf3 Kh8 15.
Be3 Na5 16. Qc2 c5 17. Ng5 Ng8 18. Ne4 Nc6 19. Bg5 1/2-1/2

[Event "Kieler Open 2021"]
[Site "Kiel"]
[Date "2021.07.29"]
[Round "8.32"]
[White "Peglau, Paul David"]
[Black "Jarosch, Wolfram"]
[Result "0-1"]
[WhiteElo "1365"]
[BlackElo "1731"]
[Annotator "FS"]
[PlyCount "96"]
[EventDate "2021.??.??"]

1. e4 e5 2. Nf3 Nc6 3. Bc4 Bc5 4. d3 Nf6 5. Nc3 d6 6. Bg5 h6 7. Bh4 a6 8. Qd2
Bg4 9. Nd5 Bxf3 10. Nxf6+ gxf6 11. gxf3 Nd4 12. Qd1 Rg8 13. c3 Ne6 14. Qb3 Qe7
15. Qxb7 Kd7 16. Qb3 Rgb8 17. Qc2 Nf4 18. Rg1 Ng6 19. Bg3 c6 20. Rd1 a5 21. d4
exd4 22. cxd4 Bb6 23. d5 c5 24. Bb5+ Kd8 25. Bc6 Ra7 26. h4 h5 27. Qd2 f5 28.
Qg5 Qxg5 29. hxg5 f4 30. Bh2 a4 31. Ke2 c4 32. Rd2 a3 33. Rc1 Ba5 34. Rdc2 Rxb2
35. Kd1 c3 36. Ke1 Kc7 37. Ba4 Kb6 38. Bb3 Kc5 39. Ke2 Kd4 40. Rd1+ Ke5 41. Re1
Rb7 42. Rec1 h4 43. Kd3 Nf8 44. Rg1 Ng6 45. Rgc1 Rb8 46. Rg1 Rh8 47. Rg4 Rb8
48. Rg1 Rb4 0-1

[Event "Kieler Open 2021"]
[Site "Kiel"]
[Date "2021.07.29"]
[Round "8.33"]
[White "Karheily, Somar"]
[Black "Sauer, Andreas"]
[Result "1-0"]
[WhiteElo "1725"]
[BlackElo "1180"]
[Annotator "FS"]
[PlyCount "27"]
[EventDate "2021.??.??"]

1. d4 d5 2. Bf4 Nf6 3. e3 g6 4. Nc3 Bg7 5. Be2 Nc6 6. Nb5 e5 7. dxe5 Ne4 8.
Qxd5 Qxd5 9. Nxc7+ Kd7 10. Nxd5 Bxe5 11. Bxe5 Nxe5 12. Nf3 Nxf3+ 13. Bxf3 Nd6
14. O-O-O 1-0

[Event "Kieler Open 2021"]
[Site "Kiel"]
[Date "2021.07.29"]
[Round "8.34"]
[White "Tatliak, Stefan"]
[Black "Chitsazian, Daniel"]
[Result "0-1"]
[WhiteElo "1700"]
[BlackElo "1142"]
[Annotator "FS"]
[PlyCount "84"]
[EventDate "2021.??.??"]

1. e4 c5 2. Nf3 Nc6 3. d4 cxd4 4. Nxd4 e6 5. Be3 a6 6. c3 Nf6 7. Nd2 d5 8. Nxc6
bxc6 9. e5 Nd7 10. f4 Bc5 11. Qf3 Qb6 12. Bxc5 Qxc5 13. Bd3 Qb6 14. Rb1 Qa5 15.
a3 Qb6 16. Bc2 Nf8 17. c4 Qd4 18. cxd5 cxd5 19. Nb3 Qb6 20. Nc1 a5 21. b4 axb4
22. Rxb4 Qa5 23. Ba4+ Bd7 24. Bxd7+ Nxd7 25. O-O Qxa3 26. Rb3 Qa7+ 27. Kh1 Nc5
28. Rb1 Ne4 29. Qd3 O-O 30. Rb2 Qe7 31. Ne2 Ra3 32. Qb5 Qa7 33. g3 Nf2+ 34. Kg2
Ng4 35. Kh3 h5 36. Rfb1 Qf2 37. Nc3 Qf3 38. Na4 Nf2+ 39. Rxf2 Qxf2 40. Qb4 Ra2
41. Rb2 Rxb2 42. Nxb2 Rc8 0-1

[Event "Kieler Open 2021"]
[Site "Kiel"]
[Date "2021.07.29"]
[Round "8.36"]
[White "Beerbaum, Philipp"]
[Black "Ahrens, Gunnar"]
[Result "0-1"]
[WhiteElo "1360"]
[BlackElo "1692"]
[Annotator "FS"]
[PlyCount "82"]
[EventDate "2021.??.??"]

1. c4 Nf6 2. g3 g6 3. Bg2 Bg7 4. Nc3 O-O 5. e4 d6 6. Nge2 Nbd7 7. d3 c6 8. O-O
a5 9. h3 e5 10. Be3 Nb6 11. Qb3 Nfd7 12. Rad1 a4 13. Qc2 Qe7 14. b4 axb3 15.
Qxb3 Ra6 16. Rb1 Qd8 17. Qb4 Re8 18. Rfd1 c5 19. Qb2 Na4 20. Qd2 Nxc3 21. Nxc3
Nb6 22. Rf1 Bd7 23. f4 Qc8 24. Nb5 Bxb5 25. Rxb5 Na8 26. f5 f6 27. h4 b6 28.
Kh2 Nc7 29. Rb2 Qd8 30. Bh3 Qe7 31. fxg6 hxg6 32. Rfb1 Rb8 33. Qe2 Ne6 34. Qg4
Nf8 35. Qd1 Qa7 36. Qb3 Ra3 37. Qc2 Ra8 38. Ra1 Rb8 39. Kg2 f5 40. exf5 e4 41.
dxe4 Rxe3 0-1

[Event "Kieler Open 2021"]
[Site "Kiel"]
[Date "2021.07.29"]
[Round "8.39"]
[White "Zielke, Bernd"]
[Black "Langbein, Wolfgang"]
[Result "1-0"]
[WhiteElo "1647"]
[BlackElo "1353"]
[Annotator "FS"]
[PlyCount "53"]
[EventDate "2021.??.??"]

1. c4 e5 2. Nc3 Nf6 3. e3 Nc6 4. a3 d5 5. cxd5 Nxd5 6. Qc2 g6 7. Nf3 Nxc3 8.
dxc3 Bg7 9. Be2 O-O 10. O-O Bf5 11. e4 Be6 12. Rd1 Qe7 13. b4 a6 14. Bb2 Rad8
15. h3 Rxd1+ 16. Rxd1 Rd8 17. c4 Nd4 18. Nxd4 exd4 19. Bd3 Be5 20. Bc1 Qh4 21.
Qe2 f5 22. exf5 gxf5 23. Qf3 f4 24. Re1 Qf6 25. Qh5 Rd7 26. Qxe5 Qxe5 27. Rxe5
1-0

[Event "Kieler Open 2021"]
[Site "Kiel"]
[Date "2021.07.29"]
[Round "8.40"]
[White "Serrer, David"]
[Black "Wang, Kaiwen"]
[Result "1-0"]
[WhiteElo "1551"]
[BlackElo "1068"]
[Annotator "FS"]
[PlyCount "111"]
[EventDate "2021.??.??"]

1. d4 d5 2. Nc3 Nf6 3. Bf4 Bf5 4. f3 e6 5. g4 Bg6 6. h4 h6 7. e3 c5 8. Nb5 Na6
9. c3 c4 10. Ne2 Qb6 11. a4 O-O-O 12. b3 Bd3 13. Ng3 Bxf1 14. Nxf1 Ne8 15. bxc4
dxc4 16. Rb1 Kd7 17. Nd2 Ra8 18. Nxc4 Qd8 19. Qb3 Nf6 20. e4 Be7 21. Nbd6 Bxd6
22. Nxd6 Qe7 23. Qxb7+ Nc7 24. Nb5 Qd8 25. Bxc7 Qc8 26. Qxc8+ Raxc8 27. Be5 a6
28. Nd6 Rxc3 29. Ke2 Rf8 30. Rhc1 Rxc1 31. Rxc1 Ne8 32. Nxe8 Rxe8 33. Rc7+ Kd8
34. Ra7 Re7 35. Rxe7 Kxe7 36. Bxg7 Kd6 37. Bxh6 e5 38. dxe5+ Kxe5 39. Ke3 Kd6
40. Bf4+ Kc5 41. h5 Kb4 42. h6 f5 43. exf5 a5 44. h7 Kc4 45. h8=Q Kd5 46. Qd4+
Kc6 47. Qd6+ Kb7 48. Qc7+ Ka6 49. Qc6+ Ka7 50. Qc5+ Kb7 51. Qb5+ Ka7 52. Ke4
Ka8 53. Qc6+ Ka7 54. Qc7+ Ka6 55. Qc8+ Ka7 56. Be3# 1-0

[Event "Kieler Open 2021"]
[Site "Kiel"]
[Date "2021.07.29"]
[Round "8.42"]
[White "Möller, Rainer"]
[Black "Kirchner, Philipp"]
[Result "0-1"]
[WhiteElo "1365"]
[BlackElo "1519"]
[Annotator "FS"]
[PlyCount "42"]
[EventDate "2021.??.??"]

1. e4 c5 2. Nf3 Nc6 3. d4 cxd4 4. Nxd4 e5 5. Nf3 Nf6 6. Nc3 Bb4 7. Bd3 d5 8.
O-O Bxc3 9. bxc3 dxe4 10. Ba3 exd3 11. cxd3 Qa5 12. Qc1 Be6 13. Re1 O-O-O 14.
Rd1 Bg4 15. Rd2 Bxf3 16. gxf3 Nd5 17. Rc2 Nf4 18. d4 Rhe8 19. Bc5 Qc7 20. Qa3
Qd7 21. Rb1 Qh3 0-1

[Event "Kieler Open 2021"]
[Site "Kiel"]
[Date "2021.07.29"]
[Round "8.44"]
[White "Lambrecht, Harald"]
[Black "Farokhi, Darian"]
[Result "0-1"]
[WhiteElo "1444"]
[BlackElo "1182"]
[Annotator "FS"]
[PlyCount "67"]
[EventDate "2021.??.??"]

1. d4 Nf6 2. Nc3 g6 3. e4 Bg7 4. f3 O-O 5. Be3 d6 6. Bd3 e5 7. d5 Nfd7 8. g4
Bh6 9. Bf2 Nf6 10. h4 Bg7 11. Qd2 Nbd7 12. Be3 Nc5 13. O-O-O Bd7 14. Nge2 a6
15. a3 b5 16. Na2 a5 17. Bxc5 dxc5 18. Nec3 c4 19. Be2 Qe7 20. d6 cxd6 21. Kb1
Ra6 22. Nd5 Nxd5 23. Qxd5 Rd8 24. Nc3 Bc6 25. Qd2 Ra7 26. Nd5 Qb7 27. Qg5 Qc8
28. Ne7+ Rxe7 29. Qxe7 Rd7 30. Qg5 h6 31. Qe3 Qa6 32. Qc3 Bf8 33. Rd5 Bxd5 34.
Rd1 0-1

[Event "Kieler Open 2021"]
[Site "Kiel"]
[Date "2021.07.29"]
[Round "8.45"]
[White "Brühl, Rainer"]
[Black "Wartenberg, Alexander"]
[Result "0-1"]
[WhiteElo "1293"]
[BlackElo "1424"]
[Annotator "FS"]
[PlyCount "60"]
[EventDate "2021.??.??"]

1. d4 d5 2. c4 c6 3. Nc3 Nf6 4. Bf4 Bf5 5. e3 e6 6. cxd5 exd5 7. Bd3 Bg6 8. Bg5
Bb4 9. Nge2 O-O 10. a3 Ba5 11. b4 Bc7 12. Bf4 Nbd7 13. Bg3 b6 14. b5 c5 15.
Bxg6 hxg6 16. Bh4 Qe8 17. Nxd5 Nxd5 18. dxc5 Qe4 19. Bg3 Bxg3 20. hxg3 Nxc5 21.
O-O Rad8 22. Qb1 Qxb1 23. Raxb1 Na4 24. Rbc1 Rc8 25. Rc6 Rxc6 26. bxc6 Rc8 27.
Nd4 Ne7 28. Rc1 Nc5 29. Nb5 a6 30. Nd6 Rxc6 0-1

[Event "Kieler Open 2021"]
[Site "Kiel"]
[Date "2021.07.29"]
[Round "8.47"]
[White "Hock, Reiner"]
[Black "Harting-Maas, Daniel"]
[Result "1-0"]
[WhiteElo "998"]
[BlackElo "1317"]
[Annotator "FS"]
[PlyCount "59"]
[EventDate "2021.??.??"]

1. e4 e5 2. Nf3 Nc6 3. Bc4 Bc5 4. O-O Nf6 5. d3 O-O 6. a3 a6 7. b4 Ba7 8. c3 d6
9. Qb3 b5 10. Bd5 Bb7 11. Bg5 Rb8 12. Nbd2 a5 13. a4 Ba6 14. Bxc6 Rb6 15. axb5
Bxb5 16. Bxb5 Rxb5 17. c4 Rxb4 18. Qc3 c5 19. Bxf6 Qxf6 20. Rxa5 Ra8 21. g3 Qe7
22. Rfa1 Rab8 23. Nf1 h6 24. Ne3 Qd7 25. Nd5 R8b7 26. Nh4 Kh7 27. Kg2 Qg4 28.
Qc1 Rb8 29. Rxa7 Rb2 30. Rxf7 1-0

[Event "Kieler Open 2021"]
[Site "Kiel"]
[Date "2021.07.30"]
[Round "9.1"]
[White "Spitzl, Vinzent"]
[Black "Arndt, Magnus"]
[Result "1/2-1/2"]
[WhiteElo "2346"]
[BlackElo "2338"]
[Annotator "HJH"]
[PlyCount "35"]
[EventDate "2021.??.??"]

1. e4 c6 2. d4 d5 3. exd5 cxd5 4. Bd3 Nc6 5. c3 Qc7 6. Ne2 e6 7. Bf4 Bd6 8.
Bxd6 Qxd6 9. O-O Nf6 10. Nd2 Bd7 11. Re1 O-O 12. Ng3 Rab8 13. Nf3 b5 14. a3 a5
15. b4 Ne7 16. Ne5 axb4 17. axb4 Ra8 18. Qe2 {Weiß bietet Remis. Damit gewinnt
er das Turnier.} 1/2-1/2

[Event "Kieler Open 2021"]
[Site "Kiel"]
[Date "2021.07.30"]
[Round "9.2"]
[White "Browning, Alex"]
[Black "Weihrauch, Jakob"]
[Result "0-1"]
[WhiteElo "2307"]
[BlackElo "2137"]
[Annotator "HJH"]
[PlyCount "52"]
[EventDate "2021.??.??"]

1. Nf3 Nf6 2. c4 e6 3. g3 d5 4. Bg2 dxc4 5. O-O Be7 6. Na3 c5 7. Nxc4 Nc6 8. b3
O-O 9. Bb2 Bd7 10. d4 cxd4 11. Nxd4 Nxd4 12. Bxd4 Bc6 13. Bxc6 bxc6 14. Rc1 c5
15. Bxf6 Bxf6 16. Qc2 Qc7 17. Rfd1 Rfd8 18. Rxd8+ Rxd8 19. Nd2 Qe5 20. Nf3 Qc7
21. Qxc5 Rd1+ 22. Rxd1 Qxc5 23. Rd7 g5 24. h3 h5 25. b4 Qc1+ 26. Kh2 Qf1 0-1

[Event "Kieler Open 2021"]
[Site "Kiel"]
[Date "2021.07.30"]
[Round "9.3"]
[White "Dietz, Florian"]
[Black "Basey, Matthew"]
[Result "1-0"]
[WhiteElo "2277"]
[BlackElo "1922"]
[Annotator "HJH"]
[PlyCount "119"]
[EventDate "2021.??.??"]

1. e4 e6 2. d4 d5 3. Nd2 c5 4. exd5 Qxd5 5. Ngf3 cxd4 6. Bc4 Qd6 7. O-O Nf6 8.
Nb3 Nc6 9. Qe2 Be7 10. Rd1 O-O 11. Nbxd4 Nxd4 12. Nxd4 Qc7 13. Nb5 Qc6 14. Bf4
b6 15. Nd4 Qe4 16. Qxe4 Nxe4 17. Be3 Nd6 18. Be2 Bb7 19. Nb5 Ba6 20. c4 Bxb5
21. cxb5 Nf5 22. Bf4 Bf6 23. Rd2 e5 24. Bg3 Nxg3 25. hxg3 Rfd8 26. Rc2 Rac8 27.
Rc6 Rxc6 28. bxc6 Rc8 29. Rc1 Rc7 30. Ba6 Kf8 31. b4 Be7 32. Rc4 Bd6 33. Bb7
Ke7 34. b5 Ke6 35. Ra4 Kd5 36. Rxa7 Kc4 37. a4 Bc5 38. Ra8 Kb4 39. Kf1 f5 40.
Bc8 g6 41. Bd7 f4 42. gxf4 exf4 43. Ke2 g5 44. f3 Kc4 45. Kd2 Be3+ 46. Kc2 Bc5
47. Be6+ Kb4 48. Kd3 Re7 49. Bd7 Re3+ 50. Kd2 Kb3 51. Re8 Bb4+ 52. Kd1 Rd3+ 53.
Ke2 Rd2+ 54. Kf1 Rd1+ 55. Kf2 Bc5+ 56. Ke2 Kc2 57. Bf5+ Kc1 58. c7 Rd2+ 59. Kf1
Rf2+ 60. Ke1 1-0

[Event "Kieler Open 2021"]
[Site "Kiel"]
[Date "2021.07.30"]
[Round "9.4"]
[White "Mitscherling, Andreas"]
[Black "Garbuszus, Jürgen"]
[Result "1-0"]
[WhiteElo "2185"]
[BlackElo "2025"]
[Annotator "HJH"]
[PlyCount "53"]
[EventDate "2021.??.??"]

1. d4 d6 2. Nf3 g6 3. g3 Bg7 4. Bg2 f5 5. O-O Nf6 6. b3 O-O 7. Bb2 c6 8. Nbd2
Ne4 9. c4 e6 10. Qc2 Nxd2 11. Qxd2 Qc7 12. d5 Bxb2 13. Qxb2 exd5 14. cxd5 c5
15. Rfe1 Na6 16. Rad1 Bd7 17. Ng5 Rae8 18. e4 h6 19. Ne6 Bxe6 20. dxe6 Rxe6 21.
exf5 Rxe1+ 22. Rxe1 gxf5 23. Re6 Qg7 24. Qd2 Nb4 25. Rxd6 Qa1+ 26. Bf1 Nc6 27.
Rg6+ 1-0

[Event "Kieler Open 2021"]
[Site "Kiel"]
[Date "2021.07.30"]
[Round "9.5"]
[White "Farokhi, Keyvan"]
[Black "Callsen, Niklas"]
[Result "1/2-1/2"]
[WhiteElo "2045"]
[BlackElo "2072"]
[Annotator "HJH"]
[PlyCount "100"]
[EventDate "2021.??.??"]

1. d4 Nf6 2. Bf4 c5 3. dxc5 Na6 4. Qd4 Qa5+ 5. Nc3 Nxc5 6. Bd2 Qb6 7. Nf3 d6 8.
Na4 Nxa4 9. Qxa4+ Bd7 10. Qb3 g6 11. Qxb6 axb6 12. Bc3 Bg7 13. g3 Bc6 14. Bg2
e5 15. O-O Nd5 16. Bd2 e4 17. Ng5 Bxb2 18. Rab1 Bc3 19. Nxe4 Bxd2 20. Nxd2 Rxa2
21. Nc4 O-O 22. Bxd5 Bxd5 23. Ne3 Bc6 24. Rfd1 f5 25. Rxd6 f4 26. gxf4 Rxf4 27.
f3 b5 28. Kf2 Kf7 29. Rbd1 b4 30. R6d4 Rxd4 31. Rxd4 Rb2 32. Nc4 Rxc2 33. Ne5+
Ke6 34. Nxc6 Rxc6 35. Rxb4 b6 36. e4 Kd6 37. Ke3 Kc5 38. Rb1 b5 39. Rc1+ Kb6
40. Rxc6+ Kxc6 41. h4 Kc5 42. Kd3 b4 43. f4 h6 44. Kc2 Kd4 45. e5 Kd5 46. Kb3
g5 47. fxg5 hxg5 48. hxg5 Kxe5 49. Kxb4 Kf5 50. g6 Kxg6 1/2-1/2

[Event "Kieler Open 2021"]
[Site "Kiel"]
[Date "2021.07.30"]
[Round "9.6"]
[White "Helms, Finn"]
[Black "Gaerths, Ronny"]
[Result "0-1"]
[WhiteElo "1972"]
[BlackElo "2171"]
[Annotator "HJH"]
[PlyCount "110"]
[EventDate "2021.??.??"]

1. e4 g6 2. d4 Bg7 3. Nc3 c6 4. Nf3 d5 5. e5 Bg4 6. Bg5 Qb6 7. Qd2 Bxf3 8. gxf3
e6 9. O-O-O h6 10. Bh4 Nd7 11. f4 h5 12. Rg1 Bf8 13. Kb1 Be7 14. Bxe7 Nxe7 15.
Na4 Qc7 16. c4 dxc4 17. Nc3 Nb6 18. Ne4 O-O-O 19. Qb4 Ned5 20. Qa3 Kb8 21. Rg3
Qe7 22. Nd6 Rxd6 23. Qxd6+ Qxd6 24. exd6 Rd8 25. Rf3 Rxd6 26. Kc2 Kc7 27. a3
Ne7 28. Kc3 Na4+ 29. Kb4 b5 30. Rd2 Nb6 31. Kc3 a5 32. b3 Nbd5+ 33. Kc2 c3 34.
Rd1 Rd8 35. Bd3 Nf5 36. Bxf5 exf5 37. Re1 b4 38. a4 Rd7 39. Re5 Kb6 40. h3 Nf6
41. Rd3 Ne4 42. d5 c5 43. Rf3 c4 44. bxc4 b3+ 45. Kxb3 Nd2+ 46. Kxc3 Nxf3 47.
Re8 g5 48. Rh8 h4 49. fxg5 Nxg5 50. Rxh4 Kc5 51. Rf4 Ne4+ 52. Kd3 Nd6 53. Kc3
Rb7 54. Rh4 Rb4 55. Rh8 Rxc4+ 0-1

[Event "Kieler Open 2021"]
[Site "Kiel"]
[Date "2021.07.30"]
[Round "9.7"]
[White "Buchholz, Sebastian"]
[Black "Peglau, Dora"]
[Result "1-0"]
[WhiteElo "2151"]
[BlackElo "1906"]
[Annotator "HJH"]
[PlyCount "101"]
[EventDate "2021.??.??"]

1. d4 Nf6 2. Nf3 d5 3. e3 Bf5 4. Be2 e6 5. O-O c5 6. c3 Nc6 7. Nbd2 cxd4 8.
cxd4 Bd6 9. Re1 O-O 10. a3 a5 11. Nf1 Qd7 12. Nh4 Bg6 13. Nxg6 hxg6 14. Bb5
Rfc8 15. Bd2 Ne4 16. Re2 Nxd2 17. Rxd2 Qd8 18. Ba4 Ne7 {(=)} 19. Qb3 Qc7 20.
Bb5 Qb6 21. Qd3 Rc7 22. Re1 Rac8 23. Qe2 Rc1 24. Red1 Rxd1 25. Rxd1 Qc7 26. Bd3
Nf5 27. Qf3 Qb6 28. Qe2 Qc7 29. h3 Qb6 30. Nh2 Bxh2+ 31. Kxh2 Nd6 32. g3 Kf8
33. h4 Ke7 {(=)} 34. Kg2 Kd7 35. Rh1 Rh8 36. Qc2 Qc6 37. Qd2 Nc4 38. Qe2 b5 39.
Rc1 Rc8 40. Rc2 Qb6 41. h5 g5 42. Rc1 Rh8 43. Qf3 Ke7 44. Qg4 f6 45. b3 Nxa3
46. f4 b4 47. fxg5 f5 48. Qf4 Kd7 49. Qe5 Rg8 50. Bxf5 Qd6 51. Bxe6+ 1-0

[Event "Kieler Open 2021"]
[Site "Kiel"]
[Date "2021.07.30"]
[Round "9.8"]
[White "Popvasilev, Kaloyan"]
[Black "Maas, Kolja"]
[Result "1-0"]
[WhiteElo "2127"]
[BlackElo "1559"]
[Annotator "HJH"]
[PlyCount "37"]
[EventDate "2021.??.??"]

1. e4 e5 2. Nf3 Nf6 3. Nc3 Nc6 4. Bb5 Bb4 5. O-O O-O 6. d3 d6 7. Ne2 Bg4 8. c3
Bxf3 9. gxf3 Bc5 10. Ng3 d5 11. Qe2 Ne7 12. Kh1 c6 13. Ba4 h5 14. f4 exf4 15.
Nxh5 Nxh5 16. Qxh5 Ng6 17. d4 Bb6 18. Bb3 dxe4 19. Qxg6 1-0

[Event "Kieler Open 2021"]
[Site "Kiel"]
[Date "2021.07.30"]
[Round "9.9"]
[White "Peglau, Sarah"]
[Black "Steffens, Olaf"]
[Result "1-0"]
[WhiteElo "1888"]
[BlackElo "2145"]
[Annotator "HJH"]
[PlyCount "89"]
[EventDate "2021.??.??"]

1. d4 g6 2. e4 Bg7 3. Nc3 d6 4. f4 e6 5. Nf3 Ne7 6. Be3 a6 7. Qd2 b5 8. Bd3 Nd7
9. Qf2 Nf6 10. h3 b4 11. Ne2 Bb7 12. Nd2 Qd7 13. O-O h5 14. c3 a5 15. Rac1 h4
16. f5 gxf5 17. exf5 e5 18. Bg5 e4 19. Bxf6 exd3 20. Bxg7 Rg8 21. f6 dxe2 22.
Qxe2 O-O-O 23. fxe7 Rde8 24. Rxf7 Bd5 25. Rcf1 Qc6 26. c4 Bxf7 27. Rxf7 d5 28.
cxd5 Qxd5 29. Rf8 Kd7 30. Ne4 Kc8 31. Nf6 Qxd4+ 32. Kh1 Rgxf8 33. exf8=Q Rxf8
34. Qe6+ Kb8 35. Bxf8 Qxb2 36. Nd7+ Kc8 37. Nc5+ Kb8 38. Qe1 Qxa2 39. Qxh4 Qd5
40. Qf6 a4 41. Qf3 Qxf3 42. gxf3 b3 43. Nxa4 c5 44. Bxc5 b2 45. Nxb2 1-0

[Event "Kieler Open 2021"]
[Site "Kiel"]
[Date "2021.07.30"]
[Round "9.10"]
[White "Dittmann, Hans-Adolf"]
[Black "Lu, Siyuan"]
[Result "1-0"]
[WhiteElo "2083"]
[BlackElo "1876"]
[Annotator "HJH"]
[PlyCount "69"]
[EventDate "2021.??.??"]

1. e4 c5 2. Nf3 e6 3. d3 Nc6 4. Nbd2 Qc7 5. g3 Nf6 6. Bg2 Be7 7. O-O O-O 8. Re1
d6 9. a4 b6 10. Nc4 Bb7 11. Bf4 Nd7 12. c3 Nde5 13. h4 Ba6 14. Bf1 Rfd8 15.
Nfd2 Ng6 16. Be3 d5 17. exd5 exd5 18. h5 dxc4 19. hxg6 hxg6 20. dxc4 Bd6 21.
Bg2 Bb7 22. Bd5 Ne5 23. Qe2 Re8 24. f4 Nd7 25. Qf3 Rab8 26. Bf2 Bxd5 27. cxd5
c4 28. Ne4 Nc5 29. Bxc5 Bxc5+ 30. Kg2 Rbd8 31. Rad1 Qb7 32. a5 Kf8 33. Rh1 Kg8
34. d6 $4 Bxd6 $4 35. Nf6+ 1-0

[Event "Kieler Open 2021"]
[Site "Kiel"]
[Date "2021.07.30"]
[Round "9.11"]
[White "Peglau, Markus"]
[Black "Kosanke, Stefan"]
[Result "1/2-1/2"]
[WhiteElo "1836"]
[BlackElo "2033"]
[Annotator "HJH"]
[PlyCount "96"]
[EventDate "2021.??.??"]

1. Nf3 Nf6 2. g3 g6 3. Bg2 Bg7 4. d4 c5 5. c4 cxd4 6. Nxd4 O-O 7. Nc3 Nc6 8.
O-O a6 9. Nc2 d6 10. e4 Bg4 11. f3 Bd7 12. Be3 Na5 13. Qe2 Rc8 14. Na3 Nc6 15.
Rac1 e6 16. Rfd1 Qe7 17. Rd2 Ne8 18. Nab1 b5 19. cxb5 axb5 20. Rcd1 Ne5 21. b3
b4 22. Nb5 d5 23. exd5 Bxb5 24. Qxb5 exd5 25. Bf2 Nc7 26. Qe2 Qe6 27. Bc5 Rfd8
28. f4 Nc6 29. Qf2 d4 30. Bxc6 Qxc6 31. Bxd4 Ne6 32. Bxg7 Rxd2 33. Qxd2 Rd8 34.
Qe2 Qb6+ 35. Kg2 Rxd1 36. Qxd1 Kxg7 37. Qe2 Qc6+ 38. Kh3 Qd7 39. Kg2 Nd4 40.
Qe5+ f6 41. Qe4 f5 42. Qe5+ Kh6 43. Nd2 Qc6+ 44. Kh3 Qc3 45. Nc4 Qd3 46. Qd5
Qd1 47. Ne5 Qh5+ 48. Kg2 Qe2+ 1/2-1/2

[Event "Kieler Open 2021"]
[Site "Kiel"]
[Date "2021.07.30"]
[Round "9.12"]
[White "Blietschau, Volker"]
[Black "Gut, Lionel"]
[Result "1-0"]
[WhiteElo "2010"]
[BlackElo "1767"]
[Annotator "HJH"]
[PlyCount "67"]
[EventDate "2021.??.??"]

1. e4 c5 2. Nc3 Nc6 3. g3 g6 4. Bg2 Bg7 5. d3 e6 6. Be3 d6 7. Qd2 Rb8 8. f4 b5
9. Nf3 (9. e5) 9... b4 10. Nd1 Nge7 11. O-O O-O 12. g4 f5 13. gxf5 exf5 14. e5
Nd5 15. exd6 Nxe3 16. Nxe3 Bxb2 17. Rad1 Bc3 18. Qf2 Qxd6 19. Nc4 Qe7 20. Rde1
Bxe1 21. Rxe1 Qf6 22. Qxc5 Ba6 23. Nd6 Rbd8 24. Qxc6 Qxd6 25. Qa4 Bb7 26. Ne5
Bxg2 27. Kxg2 Qd5+ 28. Kg3 g5 29. Qxa7 gxf4+ 30. Kh3 Rd6 31. Rg1+ Rg6 32. Nxg6
Qf3+ 33. Kh4 Rf6 34. Ne5+ 1-0

[Event "Kieler Open 2021"]
[Site "Kiel"]
[Date "2021.07.30"]
[Round "9.13"]
[White "Peglau, Charis"]
[Black "Quiring, Nikolai"]
[Result "1-0"]
[WhiteElo "1827"]
[BlackElo "2005"]
[Annotator "HJH"]
[PlyCount "63"]
[EventDate "2021.??.??"]

1. d4 e6 2. c4 b6 3. e4 Bb4+ 4. Nc3 Bb7 5. Qc2 Qh4 6. Bd3 f5 7. g3 Qh5 8. f3
Nf6 9. Bd2 Nc6 10. Nge2 Bxc3 11. Bxc3 fxe4 12. fxe4 O-O 13. O-O-O Ng4 14. Nf4
Qh6 15. Qe2 Nf6 16. e5 Ne8 17. Be4 Rb8 18. Kb1 Ne7 19. d5 c5 20. Bd2 g5 21. Ng2
Qg7 22. Bc3 Nf5 23. g4 Ne7 24. h4 gxh4 25. Nxh4 Ng6 26. Nxg6 hxg6 27. Qd3 Rf4
28. Bxg6 Rxg4 29. Bh7+ Kf7 30. dxe6+ Kxe6 31. Qf5+ Ke7 32. Rxd7# 1-0

[Event "Kieler Open 2021"]
[Site "Kiel"]
[Date "2021.07.30"]
[Round "9.14"]
[White "Malinowsky, Levi"]
[Black "Krieglstein, Marcel"]
[Result "1/2-1/2"]
[WhiteElo "1593"]
[BlackElo "1962"]
[Annotator "HJH"]
[PlyCount "28"]
[EventDate "2021.??.??"]

1. Nf3 d5 2. d3 c5 3. Nbd2 Nc6 4. e4 d4 5. g3 e5 6. Bg2 Bd6 7. O-O Nf6 8. Ne1
Bg4 9. f3 Bh5 10. Qe2 Qe7 11. Qf2 h6 12. f4 Ng4 13. Qe2 Nf6 14. Qf2 Ng4 1/2-1/2

[Event "Kieler Open 2021"]
[Site "Kiel"]
[Date "2021.07.30"]
[Round "9.15"]
[White "Hufendiek, Ekkehard"]
[Black "Lu, Yunong Elias"]
[Result "1-0"]
[WhiteElo "1954"]
[BlackElo "1557"]
[Annotator "HJH"]
[PlyCount "51"]
[EventDate "2021.??.??"]

1. e4 c6 2. d4 d5 3. e5 Bf5 4. Ne2 e6 5. Ng3 Bg6 6. Nd2 Nd7 7. Nf3 c5 8. c3
cxd4 9. cxd4 Bb4+ 10. Bd2 Bxd2+ 11. Qxd2 Rc8 12. Bd3 Ne7 13. O-O O-O 14. Rfc1
Qb6 15. Bxg6 hxg6 16. Qg5 Nf5 17. Nxf5 gxf5 18. h4 f6 19. exf6 Nxf6 20. h5 Ng4
21. Qg6 e5 22. Rxc8 Rxc8 23. Qxf5 Rf8 24. Qxg4 e4 25. h6 Qxh6 26. Ng5 1-0

[Event "Kieler Open 2021"]
[Site "Kiel"]
[Date "2021.07.30"]
[Round "9.16"]
[White "Heutling, Elina"]
[Black "Bräutigam, Alexander"]
[Result "0-1"]
[WhiteElo "1919"]
[BlackElo "1555"]
[Annotator "HJH"]
[PlyCount "86"]
[EventDate "2021.??.??"]

1. e4 c5 2. Nf3 d6 3. d4 cxd4 4. Nxd4 Nf6 5. Nc3 a6 6. Qd3 Nbd7 7. Be2 b5 8. b4
Bb7 9. O-O g6 10. a4 bxa4 11. Rxa4 Bg7 12. f4 O-O 13. Bf3 Qc7 14. Ra5 Rfc8 15.
e5 Bxf3 16. exf6 Bxf6 17. Rxf3 Qxc3 18. Qxc3 Rxc3 19. Rxc3 Bxd4+ 20. Re3 Nb6
21. Kf2 Nc4 22. Ra4 Bxe3+ 23. Bxe3 Nxe3 24. Kxe3 Rb8 25. Kd4 Kf8 26. c4 Ke8 27.
c5 Kd7 28. Kc4 Ra8 29. Ra5 Kc6 30. Kd4 Kb7 31. cxd6 Rd8 32. b5 Rxd6+ 33. Ke3
axb5 34. Rxb5+ Kc6 35. Ra5 Kd7 36. g4 Rb6 37. Kf3 f6 38. Ra7+ Ke6 39. f5+ Kf7
40. h4 Rb3+ 41. Kf4 Rh3 42. Rb7 Rxh4 43. Kg3 Rh1 {87 Züge !} 0-1

[Event "Kieler Open 2021"]
[Site "Kiel"]
[Date "2021.07.30"]
[Round "9.17"]
[White "Bus, Tom"]
[Black "Strätker, Sebastian"]
[Result "1-0"]
[WhiteElo "2108"]
[BlackElo "1887"]
[Annotator "HJH"]
[PlyCount "55"]
[EventDate "2021.??.??"]

1. Nf3 Nf6 2. g3 g6 3. Bg2 Bg7 4. O-O O-O 5. d4 d5 6. c4 c6 7. cxd5 cxd5 8. Nc3
Nc6 9. Bf4 Bf5 10. Rc1 Rc8 11. Ne5 e6 12. Qd2 Nxe5 13. Bxe5 Ne4 14. Bxe4 dxe4
15. Bxg7 Kxg7 16. Rfd1 Qa5 17. Qf4 h5 18. d5 exd5 19. Rxd5 Qc7 20. Rxf5 gxf5
21. Qg5+ Kh7 22. Qxh5+ Kg7 23. Qg5+ Kh8 24. Qxf5 Qc6 25. Rd1 Rcd8 26. Rxd8 Rxd8
27. Qh5+ Kg7 28. Qg5+ 1-0